| 000 | 00413nam a2200169Ia 4500 | ||
|---|---|---|---|
| 003 | LK-CoDNM | ||
| 008 | 010623t2011 xxu||||| |||| 00| 1 sin d | ||
| 040 |
_aLK-CoDNM _dLK-CoDNM _eLK-CoDNM |
||
| 041 | _asin | ||
| 080 | _a929 SIR | ||
| 100 | _aSiriwardena,Aylin | ||
| 245 | _aජීවන ගීතය | ||
| 246 | _aJeewana Geethaya | ||
| 260 |
_bGodage _aColombo _c2011 |
||
| 300 | _b392, 22 cm | ||
| 942 | _cBK | ||
| 999 |
_c131032 _d131032 |
||